| 000 | 00413nam a22001577a 4500 | ||
|---|---|---|---|
| 003 | OSt | ||
| 005 | 20260518113543.0 | ||
| 008 | 260518b |||||||| |||| 00| 0 eng d | ||
| 020 | _a9789354667947 | ||
| 082 | _a621.382 CHO | ||
| 100 | _aCHARKRABARTI,P | ||
| 245 | _aOptoelectronic Devices and Optical Fiber Communication | ||
| 260 |
_aNew Delhi _bCBS Publication _c2026 |
||
| 300 | _a1st Ed Rep | ||
| 942 |
_2ddc _cBK |
||
| 999 |
_c13960 _d13960 |
||